[Event "AUTO-OPEN-2075"]
[Site "http://www.queenalice.com/game.php?id=819527"]
[Date "2010.8.17"]
[Round "1"]
[White "cuatroceros"]
[Black "backnine"]
[Result "0-1"]
[WhiteElo "1853"]
[BlackElo "1697"]

1. e4 e5 2. Nf3 d6 3. d4 Qe7 4. dxe5 dxe5 5. b3 Nd7 6. Bb2 g6 7. Nbd2 Bg7 8. Bc4
Ngf6 9. O-O O-O 10. Ng5 Nh5 11. Ndf3 Nc5 12. Qe2 Bg4 13. Rad1 c6 14. Ba3 Nf4 15.
Qe3 b6 16. Rd2 a5 17. Bxc5 bxc5 18. h3 Bxf3 19. Nxf3 Rfd8 20. Rfd1 Rxd2 21. Rxd2
Bh6 22. Qc3 Ne6 23. Rd1 Nd4 24. Nxd4 exd4 25. Qf3 a4 26. Qg4 axb3 27. axb3 Ra2
28. Qc8+ Kg7 29. Qxc6 Rxc2 30. e5 Qxe5 31. Qb7 Qf5 32. Rf1 Bg5 33. Qa6 Rd2 34.
Qa5 Rb2 35. Qa3 Rd2 36. Qa7 h5 37. Bb5 d3 38. Qa6 Bf6 39. Bc4 Bd4 40. Qb5 Bxf2+
41. Kh1 Bg3 42. Kg1 Qxf1+ 0-1

[Event "AUTO-OPEN-2075"]
[Site "http://www.queenalice.com/game.php?id=819528"]
[Date "2010.8.17"]
[Round "1"]
[White "backnine"]
[Black "cuatroceros"]
[Result "1-0"]
[WhiteElo "1673"]
[BlackElo "1877"]

1. e4 c5 2. d3 Nc6 3. c3 Nf6 4. g3 d6 5. Bg2 g6 6. Nf3 Bg4 7. O-O Bg7 8. Qb3 b6
9. Ng5 O-O 10. Qc2 Ne5 11. Bf4 h6 12. Bxe5 dxe5 13. Nf3 Nh5 14. Nh4 Qd7 15. Qb3
Kh7 16. Qc2 f5 17. exf5 Bxf5 18. Nxf5 Qxf5 19. Bxa8 Rxa8 20. Nd2 Rf8 21. a4 Nf6
22. a5 Qh3 23. f3 Nh5 24. Ne4 g5 25. Nf2 Qe6 26. Ng4 Nf6 27. Nxf6+ Qxf6 28. axb6
axb6 29. d4+ Kh8 30. dxc5 bxc5 31. Qe2 Qd6 32. Ra6 Qd5 33. Ra5 Qc6 34. Ra6 Qc8
35. Ra7 c4 36. Ra4 Qc5+ 37. Kh1 Rc8 38. Rfa1 g4 39. Ra8 Kg8 40. R1a4 Rxa8 41.
Rxa8+ Kf7 42. Kg2 Qd5 43. Ra4 Qxf3+ 44. Qxf3+ gxf3+ 45. Kxf3 Ke6 46. Rxc4 Kf5
47. g4+ Kg5 48. b4 Kh4 49. b5 Kh3 50. b6 e4+ 51. Rxe4 Bxc3 52. Rxe7 Bf6 53. Re6
h5 54. Kf4 1-0

[Event "AUTO-OPEN-2075"]
[Site "http://www.queenalice.com/game.php?id=819529"]
[Date "2010.8.17"]
[Round "1"]
[White "cuatroceros"]
[Black "Dean20"]
[Result "1-0"]
[WhiteElo "1875"]
[BlackElo "1884"]

1. e4 e5 2. Nf3 Nc6 3. Bb5 Nd4 4. Bc4 d6 5. c3 Ne6 6. d4 f6 7. Na3 c6 8. Be3 Ne7
9. O-O b5 10. Bb3 a5 11. dxe5 fxe5 12. Ng5 Nxg5 13. Bxg5 a4 14. Bc2 h6 15. Bh4
Ba6 16. Bd3 Qb6 17. Nc2 O-O-O 18. Nb4 Kb7 19. a3 g5 20. Bg3 Bg7 21. Kh1 h5 22.
f3 d5 23. b3 d4 24. bxa4 dxc3 25. Qc2 c5 26. Bf2 Nc6 27. Nxa6 Nd4 28. Qxc3 Kxa6
29. Rfb1 c4 30. Bxc4 Rc8 31. axb5+ Kb7 32. a4 Rhd8 33. a5 Qc7 34. a6+ Ka8 35.
Bd5+ Kb8 36. a7+ Qxa7 37. Rxa7 Rxc3 38. b6 Rf8 39. Ra8# 1-0

[Event "AUTO-OPEN-2075"]
[Site "http://www.queenalice.com/game.php?id=819530"]
[Date "2010.8.17"]
[Round "1"]
[White "Dean20"]
[Black "cuatroceros"]
[Result "1-0"]
[WhiteElo "1843"]
[BlackElo "1831"]

1. e4 c5 2. Nf3 d6 3. d4 b6 4. Bc4 e6 5. d5 e5 6. Bb5+ Bd7 7. Qd3 Nf6 8. O-O Be7
9. Nc3 O-O 10. Bc4 a6 11. a4 Bg4 12. Nh4 Qd7 13. Bg5 Nh5 14. Bxe7 Qxe7 15. Nf5
Qg5 16. Nxd6 Nf4 17. Qg3 Qh5 18. f3 Bd7 19. Nf5 Bxf5 20. exf5 Qxf5 21. Ne4 Nd7
22. Rae1 Nf6 23. Nxf6+ Qxf6 24. Re4 b5 25. axb5 axb5 26. Bxb5 Rab8 27. c4 Qf5
28. Rfe1 Nd3 29. R1e2 Ra8 30. h3 Ra1+ 31. Kh2 Rfa8 32. R2e3 Rd1 33. b4 Raa1 34.
Qh4 Rh1+ 35. Kg3 f6 36. Rxd3 Qg6+ 37. Qg4 Qf7 38. bxc5 f5 39. Rxe5 fxg4 40. Re8+
Qxe8 41. Bxe8 gxh3 42. gxh3 Rhg1+ 43. Kf4 g5+ 44. Kf5 h6 45. Kg6 Ra8 46. Bf7+
Kf8 47. Re3 Rga1 48. c6 R1a7 49. Be6 Ke7 50. c5 Kd8 51. d6 1-0

[Event "Challenge"]
[Site "http://www.queenalice.com/game.php?id=824420"]
[Date "2010.8.28"]
[Round "-"]
[White "Said"]
[Black "cuatroceros"]
[Result "1-0"]
[WhiteElo "1938"]
[BlackElo "1891"]

1. Nf3 d5 2. d4 c5 3. c4 Nf6 4. cxd5 Nxd5 5. g3 Nc6 6. Bg2 Bf5 7. O-O Qd7 8.
dxc5 g6 9. Nh4 Be6 10. Nd2 Bg7 11. Ne4 O-O 12. Ng5 Rfd8 13. Nxe6 Qxe6 14. Qb3
Rd7 15. Bd2 Nd4 16. Bxd5 Rxd5 17. Qxb7 Rad8 18. Ba5 Nxe2+ 19. Kg2 R8d7 20. Qc8+
Bf8 21. c6 Nf4+ 22. gxf4 Qg4+ 23. Kh1 Qxh4 24. cxd7 Rh5 25. Qxf8+ Kxf8 26. d8=Q+
Kg7 27. Bc3+ 1-0

[Event "Challenge"]
[Site "http://www.queenalice.com/game.php?id=828093"]
[Date "2010.9.4"]
[Round "-"]
[White "ONIT91"]
[Black "cuatroceros"]
[Result "1-0"]
[WhiteElo "1924"]
[BlackElo "1891"]

1. c4 e5 2. Nc3 Nf6 3. e3 Bc5 4. Nge2 O-O 5. g3 d5 6. b3 Nc6 7. Bg2 Nb4 8. O-O
Bg4 9. f3 Bh5 10. d4 exd4 11. exd4 Bd6 12. c5 Be7 13. a3 Nc6 14. b4 b6 15. Qa4
Qd7 16. Nf4 Bg6 17. Bh3 Bf5 18. Bxf5 Qxf5 19. Qxc6 Qc2 20. Ncxd5 Nxd5 21. Nxd5
Qe2 22. Bf4 bxc5 23. Rae1 Qd3 24. Nxe7+ Kh8 25. Qxc5 Qxa3 26. Bh6 gxh6 27. Qe5+
f6 28. Qxc7 Rfe8 29. Nf5 Qxb4 30. Qg7# 1-0

[Event "Challenge"]
[Site "http://www.queenalice.com/game.php?id=832114"]
[Date "2010.9.13"]
[Round "-"]
[White "filomenos"]
[Black "cuatroceros"]
[Result "0-1"]
[WhiteElo "1862"]
[BlackElo "1834"]

1. d4 d5 2. g3 Nf6 3. Bg2 Nc6 4. Nf3 e6 5. O-O Bd6 6. Bg5 h6 7. Bxf6 Qxf6 8. c3
O-O 9. Nbd2 Ne7 10. e4 e5 11. dxe5 Bxe5 12. exd5 Rd8 13. Nxe5 Qxe5 14. Re1 Qf6
15. Ne4 Qb6 16. Qd2 f5 17. Ng5 Qf6 18. Nh3 c6 19. Nf4 g5 20. Ne6 Bxe6 21. Rxe6
Qxe6 22. Re1 Qf6 23. d6 Rxd6 24. Qc2 Rad8 25. Qb3+ Kg7 26. Qxb7 R8d7 27. Qb4 Rd1
28. Rxd1 Rxd1+ 29. Bf1 Nd5 30. Qb7+ Kg6 31. Qxa7 f4 32. Qc5 fxg3 33. fxg3 Qxf1#
0-1

[Event "Challenge"]
[Site "http://www.queenalice.com/game.php?id=832115"]
[Date "2010.9.13"]
[Round "-"]
[White "cuatroceros"]
[Black "filomenos"]
[Result "1-0"]
[WhiteElo "1815"]
[BlackElo "1881"]

1. e4 d5 2. exd5 Qxd5 3. Nc3 Qe6+ 4. Be2 g6 5. Nf3 Bg7 6. O-O Nf6 7. Re1 Qd7 8.
d4 c6 9. Bf4 Qd8 10. Bc4 O-O 11. Qd2 Re8 12. Bh6 Bh8 13. Rad1 Bg4 14. Qe3 Bxf3
15. Qxf3 e6 16. Ne2 Nd5 17. c3 Nd7 18. Nf4 Qf6 19. Qg3 Nxf4 20. Bxf4 Qf5 21. Bd3
Qd5 22. c4 Qa5 23. a3 Rad8 24. Bc7 Qa4 25. Bxd8 Rxd8 26. h4 Nb6 27. h5 Bxd4 28.
hxg6 fxg6 29. Qg4 e5 30. Qe6+ Kh8 31. Qf6+ 1-0

[Event "AUTO-OPEN-1989"]
[Site "http://www.queenalice.com/game.php?id=833319"]
[Date "2010.9.15"]
[Round "2"]
[White "cuatroceros"]
[Black "Marivaldo"]
[Result "1-0"]
[WhiteElo "1869"]
[BlackElo "1891"]

1. e4 d5 2. exd5 Qxd5 3. Nc3 Qd8 4. Nf3 Bg4 5. b3 Nd7 6. Bb2 Ne5 7. Be2 Bxf3 8.
gxf3 e6 9. d4 Ng6 10. Qd2 Bd6 11. Ne4 Bf4 12. Qb4 b6 13. Bb5+ Qd7 14. Bxd7+ Kxd7
15. Qb5+ c6 16. Qa6 N8e7 17. Ba3 Nd5 18. c4 Nc7 19. Qa4 a5 20. b4 f5 21. Ng3 b5
22. cxb5 Nxb5 23. bxa5 Ra6 24. O-O Rha8 25. Qb3 Nxa3 26. Qxa3 Rxa5 27. Qb3 Nh4
28. Rfe1 Ra3 29. Qxe6+ Kc7 30. Qe7+ Kc8 31. Qe8+ Kb7 32. Rab1+ Ka7 33. Re7+ 1-0

[Event "AUTO-OPEN-1989"]
[Site "http://www.queenalice.com/game.php?id=833320"]
[Date "2010.9.15"]
[Round "2"]
[White "Marivaldo"]
[Black "cuatroceros"]
[Result "0-1"]
[WhiteElo "1892"]
[BlackElo "1851"]

1. d4 c5 2. c3 Nf6 3. dxc5 e5 4. b4 Nc6 5. Bg5 Be7 6. e3 O-O 7. Bb5 a6 8. Bxc6
bxc6 9. Nd2 d6 10. cxd6 Qxd6 11. Bxf6 Qxf6 12. Qf3 Qg6 13. g3 Rd8 14. e4 Bg4 15.
Qe3 Bg5 16. f4 exf4 17. gxf4 Bh4+ 18. Kf1 Rxd2 19. Qxd2 Qxe4 20. Qg2 Qxf4+ 21.
Nf3 Bxf3 0-1

[Event "AUTO-OPEN-1989"]
[Site "http://www.queenalice.com/game.php?id=833321"]
[Date "2010.9.15"]
[Round "2"]
[White "cuatroceros"]
[Black "alederp"]
[Result "0-1"]
[WhiteElo "1928"]
[BlackElo "2299"]

1. e4 e5 2. Nf3 Nc6 3. Bc4 Nf6 4. Nc3 Bc5 5. O-O O-O 6. d3 d6 7. Bg5 h6 8. Bh4
g5 9. Bg3 Na5 10. Bb3 Nxb3 11. axb3 a5 12. Nd5 Nxd5 13. exd5 f5 14. h3 f4 15.
Bh2 g4 16. hxg4 Bxg4 17. Qe2 Qg5 18. Nxg5 Bxe2 19. Rfe1 Bxd3 20. Ne6 Bxc2 21.
Nxf8 Rxf8 22. Rec1 Bxb3 23. Rxa5 Rf7 24. Ra8+ Kh7 25. Rc3 Bxd5 26. Rc8 Rg7 27.
g3 e4 28. Kf1 b5 29. gxf4 Bc4+ 30. Ke1 Bb4 31. Kd1 Bxc3 32. bxc3 Rg2 33. Rxc7+
Kg8 34. Bg3 e3 35. Rc8+ Kf7 36. Rxc4 bxc4 37. Ke2 exf2 38. Bxf2 Rxf2+ 39. Kxf2
Kf6 40. Kf3 Kf5 0-1

[Event "AUTO-OPEN-1989"]
[Site "http://www.queenalice.com/game.php?id=833322"]
[Date "2010.9.15"]
[Round "2"]
[White "alederp"]
[Black "cuatroceros"]
[Result "1-0"]
[WhiteElo "2304"]
[BlackElo "1905"]

1. e4 c5 2. Nf3 Nc6 3. Bc4 e5 4. O-O Nf6 5. Ng5 d5 6. exd5 Nxd5 7. Qh5 g6 8. Qf3
Qxg5 9. Bxd5 Bd7 10. Qxf7+ Kd8 11. d4 Qe7 12. Qxe7+ Bxe7 13. dxe5 Nxe5 14. Bxb7
Rb8 15. Bd5 Rf8 16. Nc3 Rb6 17. Re1 Ng4 18. h3 Nxf2 19. Be3 Nxh3+ 20. gxh3 Bxh3
21. Na4 Rb4 22. Nxc5 Rg4+ 23. Kh2 Rh4 24. Rad1 Bf1+ 25. Kg1 Rg4+ 26. Bg2+ Kc8
27. Rxf1 1-0

[Event "Challenge"]
[Site "http://www.queenalice.com/game.php?id=838880"]
[Date "2010.9.27"]
[Round "-"]
[White "cuatroceros"]
[Black "melo41"]
[Result "1-0"]
[WhiteElo "1897"]
[BlackElo "1700"]

1. e4 c6 2. Nf3 d5 3. Nc3 dxe4 4. Nxe4 Bf5 5. Bd3 Bg4 6. b3 Nd7 7. Bb2 e6 8. O-O
Ngf6 9. Nxf6+ Nxf6 10. Be2 Be7 11. Ne5 Bxe2 12. Qxe2 O-O 13. d3 Nd5 14. Qg4 Bf6
15. Rfe1 Bxe5 16. Rxe5 Nf6 17. Qg3 Nd5 18. Rxd5 exd5 19. Qxg7# 1-0

[Event "AUTO-OPEN-2019"]
[Site "http://www.queenalice.com/game.php?id=840500"]
[Date "2010.10.1"]
[Round "2"]
[White "cuatroceros"]
[Black "chessman"]
[Result "0-1"]
[WhiteElo "1903"]
[BlackElo "2012"]

1. e4 e6 2. d4 d5 3. Nd2 Nf6 4. e5 Nfd7 5. Bd3 c5 6. c3 Nc6 7. Ngf3 Qb6 8. O-O
h6 9. b3 cxd4 10. cxd4 Nxd4 11. Bb2 Nxf3+ 12. Nxf3 Nb8 13. Rc1 Nc6 14. Qe2 Be7
15. Rxc6 bxc6 16. Rc1 Bd7 17. Bd4 c5 18. Bb2 Rb8 19. Nd2 c4 20. Bc2 Bg5 21. Bc3
cxb3 22. Bxb3 Bb5 23. Qe1 Rc8 24. a4 Ba6 25. a5 Qb5 26. Qd1 O-O 27. Ba4 Qd3 28.
Bc2 Qb5 29. Ba4 Qe2 30. Qxe2 Bxe2 31. Re1 Rxc3 32. Rxe2 Bxd2 33. Rxd2 Ra3 34.
Bd1 Rxa5 35. h3 Rb8 36. Bf3 Rab5 37. Ra2 a5 38. Be2 Rb2 39. Rxb2 Rxb2 40. Bd3 a4
0-1

[Event "Challenge"]
[Site "http://www.queenalice.com/game.php?id=846983"]
[Date "2010.10.17"]
[Round "-"]
[White "esteban"]
[Black "cuatroceros"]
[Result "0-1"]
[WhiteElo "1929"]
[BlackElo "1891"]

1. d4 d5 2. e3 c5 3. Nf3 Nc6 4. c4 cxd4 5. exd4 Bg4 6. h3 Bh5 7. Bf4 Qb6 8. Qd2
Bxf3 9. gxf3 Qxd4 10. Qxd4 Nxd4 11. Bd3 dxc4 12. Be4 Nf6 13. Nc3 Nxe4 14. fxe4
Nc2+ 15. Kd1 Nxa1 16. Kc1 e6 17. Nb5 Rc8 18. Kb1 Bc5 19. f3 O-O 20. Kxa1 a6 21.
Nc3 b5 22. Rg1 Bxg1 23. Ne2 Rfd8 0-1

[Event "Challenge"]
[Site "http://www.queenalice.com/game.php?id=849993"]
[Date "2010.10.24"]
[Round "-"]
[White "BIBIU16"]
[Black "cuatroceros"]
[Result "0-1"]
[WhiteElo "1988"]
[BlackElo "1909"]

1. e4 e6 2. Nf3 d5 3. exd5 exd5 4. Be2 Nc6 5. O-O Bd6 6. Re1 Nge7 7. d4 O-O 8.
Bg5 b6 9. Bb5 Bb7 10. Bxc6 Bxc6 11. Bxe7 Bxe7 12. Ne5 Bb7 13. Qe2 Bd6 14. Nd2
Re8 15. Qf3 f6 16. Nd3 Qd7 17. Re3 c5 18. Rxe8+ Rxe8 19. dxc5 bxc5 20. Qh5 c4
21. Re1 Rxe1+ 22. Nxe1 Qe6 23. Kf1 g6 24. Qe2 Qd7 25. h3 Qc6 26. Qe6+ Kg7 27.
Nef3 Bc8 28. Qe1 c3 29. bxc3 Qxc3 30. Qb1 Ba6+ 31. Kg1 Bf4 32. Nb3 Bc8 33. Nbd4
Be5 34. Nxe5 fxe5 35. Nb5 Qc5 36. Qb2 d4 37. a4 a6 38. Na3 e4 39. Qb8 Bxh3 40.
Qb7+ Kh6 41. gxh3 Qxa3 42. Qxe4 Qxa4 43. Kg2 Qd7 44. h4 a5 45. Kg3 a4 46. Qf4+
Kg7 47. Qe5+ Kg8 48. Qc5 Kf7 49. Qc4+ Ke7 50. Qg8 Qd6+ 51. f4 h5 52. Qg7+ Kd8
53. Qg8+ Kc7 54. Qc4+ Qc6 55. Qxd4 Qxc2 56. Qe5+ Kb6 57. Qd6+ Kb5 58. Qb8+ Kc4
59. Qc7+ Kb3 60. Qb6+ Ka2 61. Kf3 Qb3+ 62. Qe3 Qxe3+ 0-1

[Event "AUTO-ADV-1965"]
[Site "http://www.queenalice.com/game.php?id=856440"]
[Date "2010.11.8"]
[Round "1"]
[White "Blutigeroo"]
[Black "cuatroceros"]
[Result "1/2-1/2"]
[WhiteElo "1910"]
[BlackElo "1926"]

1. g3 d5 2. Bg2 e5 3. e3 Nf6 4. Ne2 Nc6 5. O-O Bc5 6. c3 O-O 7. d4 exd4 8. cxd4
Bb6 9. Nbc3 Bf5 10. f3 Qd7 11. g4 Be6 12. h3 Ne7 13. e4 dxe4 14. fxe4 Bc4 15. e5
Nfd5 16. Bg5 Nxc3 17. bxc3 c6 18. Rf2 c5 19. Be3 cxd4 20. cxd4 Rfd8 21. Rf4 Ng6
22. Rf2 Nxe5 23. Be4 Ng6 24. a4 Bxe2 25. Rxe2 Bxd4 26. Bxd4 Qxd4+ 27. Qxd4 Rxd4
28. Bxb7 Rad8 29. Bc6 Rd1+ 30. Rxd1 Rxd1+ 31. Kf2 h6 32. Re8+ Kh7 33. Ra8 Rc1
34. Be4 Rc4 35. Bxg6+ Kxg6 36. Rxa7 Kf6 37. Kg3 Rc3+ 38. Kg2 Rc2+ 39. Kf3 Rc3+
40. Kg2 Rc2+ 41. Kf3 1/2-1/2

[Event "AUTO-ADV-1965"]
[Site "http://www.queenalice.com/game.php?id=856441"]
[Date "2010.11.8"]
[Round "1"]
[White "cuatroceros"]
[Black "Blutigeroo"]
[Result "0-1"]
[WhiteElo "1925"]
[BlackElo "1911"]

1. e4 e5 2. Nf3 d6 3. Nc3 b6 4. d4 Bg4 5. Be2 Bxf3 6. Bxf3 c6 7. dxe5 dxe5 8.
Qxd8+ Kxd8 9. O-O Kc7 10. Be3 Nd7 11. Rad1 Be7 12. Rd2 Ngf6 13. Rfd1 h6 14. Bg4
Rhd8 15. Be2 a5 16. Bc4 Rf8 17. f4 b5 18. fxe5 Nxe5 19. Be2 b4 20. Bf4 bxc3 21.
Bxe5+ Kb6 22. Bxc3 Nxe4 23. Rd3 Nxc3 24. Rxc3 Rfd8 25. Rf1 Bf6 26. Rcf3 Rd6 27.
Bc4 Ra7 28. a4 Kc5 29. b3 Rd2 30. c3 Rad7 31. h3 Rc2 32. Rf5+ Kb6 33. Kh2 Rdd2
34. Rg1 Bxc3 35. Rxf7 Bd4 36. Rff1 Bxg1+ 37. Rxg1 g5 38. Kg3 h5 39. Bf7 Rc3+ 40.
Kh2 h4 41. Bh5 Rxb3 42. Bf3 Rxf3 0-1

[Event "AUTO-ADV-1965"]
[Site "http://www.queenalice.com/game.php?id=856456"]
[Date "2010.11.8"]
[Round "1"]
[White "cuatroceros"]
[Black "spacey"]
[Result "0-1"]
[WhiteElo "1856"]
[BlackElo "1838"]

1. e4 e6 2. d4 d5 3. Nd2 c5 4. c3 Nc6 5. Ngf3 Bd7 6. Be2 Qb6 7. exd5 exd5 8. O-O
Nf6 9. Ne5 cxd4 10. Nxd7 Nxd7 11. cxd4 Bd6 12. Nf3 O-O 13. Re1 Nf6 14. b3 Rac8
15. Bg5 Ne4 16. Qd3 Nb4 17. Qd1 Nc2 18. Rc1 Nxe1 19. Qxe1 Nxg5 20. Nxg5 Qxd4 21.
Nf3 Qf4 22. Rd1 Rc7 23. Rxd5 Rfc8 24. Bc4 a6 25. a4 Re7 26. Qd1 Bc7 27. g3 Qf6
28. Kg2 Rce8 29. Nd4 Bb6 30. Nf3 Ba7 31. Rd8 Qb6 32. Rxe8+ Rxe8 33. Qd2 Rd8 34.
Qf4 Qxf2+ 35. Kh3 Rf8 36. Bd3 Bb8 37. Qh4 g6 38. Ng5 h5 39. Ne4 Qf3 40. Nf6+ Kg7
41. Nd7 Re8 0-1

[Event "AUTO-ADV-1965"]
[Site "http://www.queenalice.com/game.php?id=856457"]
[Date "2010.11.8"]
[Round "1"]
[White "spacey"]
[Black "cuatroceros"]
[Result "1-0"]
[WhiteElo "1911"]
[BlackElo "1908"]

1. e4 c5 2. Nc3 Nc6 3. f4 d6 4. Nf3 Nf6 5. Bc4 e6 6. d3 Be7 7. O-O O-O 8. Kh1 a6
9. h3 b5 10. Bb3 Na5 11. g4 Nxb3 12. axb3 Bb7 13. g5 Nh5 14. Qe1 e5 15. f5 Re8
16. Qh4 Nf4 17. Bxf4 exf4 18. Qxf4 b4 19. Ne2 d5 20. e5 d4 21. f6 Bf8 22. h4 Qd7
23. Kh2 Bd6 24. Ng3 Bc7 25. fxg7 Kxg7 26. Nh5+ Kf8 27. Nf6 Qe6 28. Nxe8 Rxe8 29.
Rae1 Bxf3 30. Qxf3 Bxe5+ 31. Kh1 Qg6 32. h5 Qe6 33. Rxe5 1-0